| 000 | 00414nam a2200121 4500 | ||
|---|---|---|---|
| 999 |
_c15089 _d15089 |
||
| 008 | 200304b ||||| |||| 00| 0 eng d | ||
| 100 |
_941809 _aRecuenco, Aaron. _eAuthor. |
||
| 245 |
_aSim card registration to combat social media trolls-PNP/ _cAaron Recuenco. |
||
| 260 |
_aPhilippines; _bManila Bulletin, _c©2019. |
||
| 300 |
_apage 2; _c29.5cm. |
||
| 650 |
_aElectronic discussion groups. _941810 |
||
| 942 |
_2ddc _cPER |
||